Central Library OPAC University of Rajshahi

Hidden power for human problems / (Record no. 29207)

MARC details
000 -LEADER
fixed length control field 00587nam a22002052 4500
001 - CONTROL NUMBER
control field 29207
003 - CONTROL NUMBER IDENTIFIER
rucl marc code BD-RjUL
005 - DATE AND TIME OF LATEST TRANSACTION
control field 20211209051402.0
008 - FIXED-LENGTH DATA ELEMENTS--GENERAL INFORMATION
fixed length control field 140402r19671957enk 000 0 eng d
035 ## - SYSTEM CONTROL NUMBER
System control number (BD-RjUL)29292
040 ## - CATALOGING SOURCE
Original cataloging agency WTS
Transcribing agency WTS
Modifying agency BD-RjUL
Language of cataloging eng
041 ## - LANGUAGE CODE
Language code of text/sound track or separate title eng
082 00 - DEWEY DECIMAL CLASSIFICATION NUMBER
Classification number 615.851
Author mark and year BAH 1967
100 1# - MAIN ENTRY--PERSONAL NAME
Personal name Bailes, Frederick W.
9 (RLIN) 89154
245 10 - TITLE STATEMENT
Title Hidden power for human problems /
Statement of responsibility, etc. Frederick Bailes.
260 ## - PUBLICATION, DISTRIBUTION, ETC. (IMPRINT)
Place of publication, distribution, etc. London :
Name of publisher, distributor, etc. George Allen & Unwin Ltd.,
Date of publication, distribution, etc. c1957 [Impression 1967].
300 ## - PHYSICAL DESCRIPTION
Pagination 191 p. ;
Size 22 cm.
650 #0 - SUBJECT ADDED ENTRY--TOPICAL TERM
Topical term or geographic name as entry element Mental healing.
9 (RLIN) 85849
942 ## - ADDED ENTRY ELEMENTS (KOHA)
Source of classification or shelving scheme Dewey Decimal Classification
Koha item type Books
Holdings
Lost status Source of classification or shelving scheme Damaged status Not for loan Collection code Permanent Location Current Location Shelving location Date acquired Source of acquisition Cost, normal purchase price Total Checkouts Full call number Date last seen Copy number Koha item type
  Dewey Decimal Classification   Added to bundle Non-fiction Central Library, University of Rajshahi Central Library, University of Rajshahi Reading Room 02/09/1969 Zeitlinger 16.00   615.851 BAH 1967 02/04/2014 C-1 Books
  Dewey Decimal Classification   Added to bundle Non-fiction Central Library, University of Rajshahi Central Library, University of Rajshahi Reading Room 02/09/1969 Zeitlinger 16.00   615.851 BAH 1967 02/04/2014 C-2 Books